000 00710cam a22002293a 4500
001 17912
003 PGUSA
005 20140828083400.0
008 060304s2006||||xxu|||||s|||||000 1 eng d
040 _aPGUSA
_beng
042 _adc
050 4 _aPS
100 1 _aMichaelis, Richard,
_d1839-1909
245 1 0 _aKommunistinen yhteiskunta vuonna 2000 :
_bJatkoa ja vastaus Edward Bellamyn romaaniin "Vuonna 2000"
_h[electronic resource] /
_cRichard Michaelis
260 _bProject Gutenberg,
_c2006
506 _aPublic domain in the USA.
516 _aElectronic text
653 _aUtopias -- Fiction
830 0 _aProject Gutenberg
_v17912
856 4 0 _uhttp://www.gutenberg.org/ebooks/17912
942 _cEB
999 _c247167
_d247167